Stevens v Bath and North East Somerset DC (Record no. 118042)
[ view plain ]
| 000 -LEADER | |
|---|---|
| fixed length control field | 01778cam a2200253 4500 |
| 001 - CONTROL NUMBER | |
| control field | ABS68230 |
| 008 - FIXED-LENGTH DATA ELEMENTS--GENERAL INFORMATION | |
| fixed length control field | 040923n2004 000 0 eng u |
| 035 ## - SYSTEM CONTROL NUMBER | |
| System control number | (Sirsi) u127503 |
| 245 ## - TITLE STATEMENT | |
| Title | Stevens v Bath and North East Somerset DC |
| 260 ## - PUBLICATION, DISTRIBUTION, ETC. | |
| Date of publication, distribution, etc. | 2004 |
| 490 ## - SERIES STATEMENT | |
| Series statement | Rating and Valuation Reporter |
| Volume/sequential designation | [2004] RVR 189-196(8) |
| 520 ## - SUMMARY, ETC. | |
| Summary, etc. | ACQ/96/2001, 23 February 2004. Claimant S sought compensation for the acquisition by council B of 0.33 ha open land in Bath. The valuation date was 28 January 2004. S contended that the amount of compensation payable was £750 000 on the assumption that planning permission would be granted for the building of two detached houses on the land. This assumption was based on a certificate of appropriate alternative development for residential development issued in 1987 under the Land Compensation Act 1961 Part III following an application by a previous owner when a compulsory purchase order had been made for the acquisition of the land for a road scheme which was abandoned in 1989. B claimed that the 1987 certificate was not relevant. At the 2004 valuation date the land was deemed not to have residential development value due to changes in planning policy and history of refusals of planning permission. B valued the land as offering £27 000 in hope value to a developer as a long term investment. "Held" that B should pay £27 000 in compensation. |
| 590 ## - LOCAL NOTE (RLIN) | |
| Local note | ABS |
| 590 ## - LOCAL NOTE (RLIN) | |
| Local note | ABS |
| 650 ## - SUBJECT ADDED ENTRY--TOPICAL TERM | |
| Topical term or geographic name entry element | COMPENSATION |
| 650 ## - SUBJECT ADDED ENTRY--TOPICAL TERM | |
| Topical term or geographic name entry element | OPEN LAND |
| 650 ## - SUBJECT ADDED ENTRY--TOPICAL TERM | |
| Topical term or geographic name entry element | Valuation |
| 9 (RLIN) | 6273 |
| 650 ## - SUBJECT ADDED ENTRY--TOPICAL TERM | |
| Topical term or geographic name entry element | HOPE VALUE |
| 650 ## - SUBJECT ADDED ENTRY--TOPICAL TERM | |
| Topical term or geographic name entry element | CERTIFICATE OF APPROPRIATE ALTERNATIVE DEVELOPMENT |
| 650 ## - SUBJECT ADDED ENTRY--TOPICAL TERM | |
| Topical term or geographic name entry element | LAND COMPENSATION ACT 1961 PART III |
| 650 ## - SUBJECT ADDED ENTRY--TOPICAL TERM | |
| Topical term or geographic name entry element | RESIDENTIAL DEVELOPMENT |
| 690 ## - LOCAL SUBJECT ADDED ENTRY--TOPICAL TERM (OCLC, RLIN) | |
| Topical term or geographic name as entry element | COMPULSORY PURCHASE AND COMPENSATION-CASE LAW |
| 942 ## - ADDED ENTRY ELEMENTS (KOHA) | |
| Suppress in OPAC | 0 |
| Withdrawn status | Lost status | Source of classification or shelving scheme | Damaged status | Not for loan | Home library | Current library | Shelving location | Date acquired | Total Checkouts | Full call number | Barcode | Date last seen | Copy number | Price effective from | Koha item type |
|---|---|---|---|---|---|---|---|---|---|---|---|---|---|---|---|
| Dewey Decimal Classification | London | London | Journal article | 23/09/2004 | ABS68230 | 127503-1001 | 06/08/2019 | 1 | 06/08/2019 | Law report |